| 000 | 00893nam a22001577a 4500 | ||
|---|---|---|---|
| 003 | OSt | ||
| 005 | 20151008153737.0 | ||
| 008 | 151008b xxu||||| |||| 00| 0 eng d | ||
| 040 | _cRUA | ||
| 082 | _aAVM POR 2008 B081 Or.1 | ||
| 100 |
_92376 _aPORT, SOPHANITH. |
||
| 245 | _aThe efficiency of using sauropusandro gynus in concentrated feed on growth rate of chickens at the experimental station in the royal university of agriculture, ឥទ្ធិពលនៃការប្រ់ប្រាស់ស្លឹកងប់ក្រៀមក្នុងចំណីផ្សំលើការលូតលាស់របស់មាន់សាច់ នៅស្ថានីយ៍ពិសោធន៍សត្វនៃសាកលវិទ្យាល័យភូមិន្ទកសិកម្ម | ||
| 260 |
_aPhnom Penh _bRUA _c2008 |
||
| 300 |
_a42p. _bill. _c29cm. |
||
| 942 |
_2ddc _cAVM |
||
| 999 |
_c2238 _d2238 |
||